000 00462cam a2200193 4500
001 D3103
008 090401t1969 xxu||||| |||| 00| 0 eng d
035 _a(Sirsi) u71854
041 _aeng
050 _a711.0973
100 _aDelafons, John
245 _aLand use controls in the United States
250 _a2nd
260 _aCambridge, Mass/London
_bMIT Press
_c1969
300 _axiv. 203p. 24cm
350 _a4.65
942 _n0
948 _c04/03/1997
999 _c95448
_d95448